Autodesk maya 8 unlimited : panduan intensif pemodelan dan animasi

Bibliographic Details
Main Author: Rosli Ab Ghani
Other Authors: Haziiq
Format: Book
Language:Malay
Published: Selangor : Venton pub. , 2007
Subjects:

MARC

LEADER 00000cam a2200000 7i4500
001 0000023424
005 20110913.0
008 110909s my a may
020 |a 9789833526611 
040 |a INS 
090 0 0 |a TR897.7   |b R67 2007 
100 0 |a Rosli Ab Ghani 
245 1 0 |a Autodesk maya 8 unlimited :   |b panduan intensif pemodelan dan animasi   |c Rosli Ab Ghani dan Haziiq 
260 |a Selangor :   |b Venton pub. ,   |c 2007 
300 |a 448ms. :   |b ill. ;   |c 25cm.   |e 2 computer laser optical discs (43/4 in.) 
630 0 0 |a Maya (Computer file) 
650 0 |a Computer animation 
650 0 |a Three-dimension display systems 
700 0 |a Haziiq 
999 |a 1000000064   |b BOOK   |c Open Shelf   |e Default branch